000 00767nam a2200277 i 4500
001 C2-0343112
003 PPAK
005 20180728144345.0
008 170822s2017 my a|||| ||||| | eng d
020 _a9789675597718
040 _aPPAK
_beng
_cPPAK
_erda
082 0 4 _a428.6
_223
090 0 0 _a428.6
_bNUR
_dK
100 0 _aNurirfan,
_eauthor
245 1 4 _aThe royal fortune teller
264 1 _aShah Alam, Selangor :
_bSS Educational Resources ,
_c2017
300 _a30 pages :
_bcolour illustrations ;
_c26 cm
336 _2rdacontent
_atext
337 _2rdamedia
_aunmediated
338 _2rdacarrier
_avolume
490 1 _aThe entertaining series
650 1 0 _aReaders.
700 _eauthor
830 0 _aThe entertaining series
942 _ddc
_cB
999 _c139999
_d139999